000 006050000a22002170004500
020 _a1-56063-378-6
041 0 _aSPA
082 0 4 _aG 234.9 S7712e
100 1 _aSproul, R. C. (Robert Charles) (1939-)
245 1 0 _aEscogido por Dios / R. C. Sproul ; Demetrio Cánovas Moreno, Traductor
260 _aMiami, Florida, USA : Unilit
300 _a144 Pag
500 _aTítulo original : Chosen by God
650 1 4 _aPREDESTINACION
711 2 _a2
001 4373
942 _cBK
999 _c34979
_d34979
336 _atexto
_btxt
_2rdacontent
337 _2rdamedia
_asin mediación
_bn
338 _2rdacarrier
_avolumen
_bnc